| 000 | 00878cam a2200301 4500 | ||
|---|---|---|---|
| 001 | J95069 | ||
| 008 | 090401t1998 xxu||||| |||| 00| 0 eng d | ||
| 035 | _a(Sirsi) u89708 | ||
| 041 | _aeng | ||
| 050 | _a333.33709424 | ||
| 110 |
_aDTZ Debenham Thorpe _92895 |
||
| 245 | _aAnnual property report 1998 : the Midlands. | ||
| 260 |
_aBirmingham _bDTZ Debenham Thorpe _c1998 |
||
| 300 | _a30p. ; 30cm. | ||
| 350 | _a0 | ||
| 650 | _aINDUSTRIAL MARKET | ||
| 650 | _aINVESTMENT MARKET | ||
| 650 | _aLEISURE MARKET | ||
| 650 | _aMIDLANDS | ||
| 650 | _aPROPERTY-COMMERCIAL PROPERTY-OFFICE PROPERTY-OFFICE PROPERTY MARKET | ||
| 650 | _aOFFICES | ||
| 650 | _aRESIDENTIAL MARKET | ||
| 650 | _aPROPERTY-COMMERCIAL PROPERTY-RETAIL PROPERTY-RETAIL PROPERTY MARKET | ||
| 650 | _aWAREHOUSES | ||
| 690 | _aPROPERTY-COMMERCIAL PROPERTY | ||
| 942 | _n0 | ||
| 948 | _c16/11/1998 | ||
| 999 |
_c97495 _d97495 |
||